ბათუმის შოთა რუსთაველის სახელმწიფო უნივერსიტეტის ბიბლიოთეკა

თაფლის წვეთებივით ამბები / (ბიბ.ჩანაწერი № 56024)

000 -ლიდერი
ფიქსირებული სიგრძის საკონტროლო ველი 01188nam a2200241Ia 4500
001 - საკონტროლო ნომერი
საკონტროლო ველი 23124
003 - საკონტროლო ნომრის იდენტიფიკატორი
საკონტროლო ველი GE_BSU
005 - ბოლო ოპერაციის თარიღი და დრო
საკონტროლო ველი 20250324152928.0
008 - ფიქსირებული სიგრძის მონაცემთა ელემენტები - ზოგადი ინფორმაცია
ფიქსირებული სიგრძის საკონტროლო ველი 181216s2018||||ge |||||||||||||| ||geo||
020 ## - წიგნის საერთაშორისო სტანდარტული ნომერი
International Standard Book Number 9789941293771
040 ## - კატალოგიზაციის წყარო
Transcribing agency GE_BSU
041 ## - ენის კოდი
Language code of text/sound track or separate title geo
080 ## - უნივერსალური ათობითი კლასიფიკაციის ინდექსი
Universal Decimal Classification number 27-29 თ-36
245 ## - ცნობა სათაურის შესახებ
Title თაფლის წვეთებივით ამბები /
Statement of responsibility, etc შემდგენელი მანანა ტუაევა; მხატვარი ლევან სილაგაძე.
264 ## - წარმოების, გამოცემის, დისტრიბუციის და სხვა ცნობები
გამოცემის, წარმოების, დისტრიბუციის... ადგილი თბილისი
გამოცემის, წარმოების, დისტრიბუციის... სახელწოდება პალიტრა L,
გამოცემის, წარმოების, დისტრიბუციის... თარიღი 2018.
300 ## - ფიზიკური აღწერა
Extent 150 გვ. ;
Other physical details 20 სმ.
490 ## - სერიის ცნობა
Series statement მეგზური სიკეთის სამყაროში
Volume number/sequential designation / პროექტის ავტორი და რედაქტორი თამარ მამაცაშვილი ; წიგნი 8
653 ## - INDEX TERM--UNCONTROLLED
Uncontrolled term თაფლის წვეთებივით ამბები
653 ## - INDEX TERM--UNCONTROLLED
Uncontrolled term რელიგია
700 ## - ADDED ENTRY--PERSONAL NAME
Personal name ტუაევა, მანანა
Relator term შემდგენელი
9 (RLIN) 24656
700 ## - ADDED ENTRY--PERSONAL NAME
Personal name სილაგაძე, ლევან
Relator term მხატვარი
9 (RLIN) 24657
942 ## - ADDED ENTRY ELEMENTS (KOHA)
Koha item type წიგნი
Source of classification or shelving scheme
ეგზემპლარები
ჩამოწერის სტატუსი დაკარგული ეგზემპლარის სტატუსი კლასიფიკაციის წყარო ან თაროზე გაწყობის სქემა დაზიანების სტატუსი არ გაიცემა მუდმივი მდებარეობა (დაცვის ადგილი) ამჟამინდელი ადგილსამყოფელი თაროზე განთავსების ადგილი შეძენის თარიღი ღირებულება, შესყიდვის ნორმალური ფასი სრული შენახვის შიფრი შტრიხკოდი ბოლო ოპერაციის თარიღი ეგზემპლარის მიმდევრობითი ნომერი (კეტერი?) ფასის ძალაში შესვლის თარიღი ეგზემპლარის სახეობა საჯარო შენიშვნა
          ბათუმის შოთა რუსთაველის სახელმწიფო უნივერსიტეტის მთავარი ბიბლიოთეკა ბათუმის შოთა რუსთაველის სახელმწიფო უნივერსიტეტის მთავარი ბიბლიოთეკა წიგნსაცავი 2018-12-17 4.00 27-29 თ-36 28145 2018-12-17 28145 2018-12-17 წიგნი 4 ლ.